000 00321nam a22001337a 4500
008 190227b xxu||||| |||| 00| 0 eng d
020 _a08898529
041 _aeng
080 _a618
100 _a10
101 _aGJIN
245 _aEndocrinology and Metabolism Clinics of North America
_cDluhy,R.G
942 _2udc
_cBK
999 _c54344
_d54344